Ungarn-Quiz - Statistiken

Allgemein
  • Dieses Quiz wurde 3.120 mal gespielt
  • Das Durchschnittsergebnis liegt bei 11 aus 21
Antwortstatistiken
Frage Antwort % Korrekt
Hauptstadt von Ungarn Budapest
99%
Fluss, der durch diese Stadt geht Donau
95%
Berühmte ungarische Suppe Gulasch
88%
1918 beendete "Doppelmonarchie", die Ungarn umfasste Österreich-Ungarn
83%
Rotes Gewürz und wichtige Zutat des obigen Gerichts Paprika
82%
Ministerpräsident seit 2010, dem vorgeworfen wird die Demokratie in Ungarn einzuschränken Viktor Orbán
66%
Berühmte Erfindung von Ernő Rubik Zauber{würfel}
65%
Nennen Sie nebst Ungarn ein anderes Land, in dem eine uralische Sprache gesprochen wird Finnland | Estland
59%
Land, gegen dem Ungarn 1956 einen Volksaufstand organisierte Sowjetunion
58%
M-Wort, das die zahlreichste Ethnie von Ungarn bezeichnet Magyar
56%
Größter See Zentraleuropas (flächenmässig) Balaton
54%
Anführer der Hunnen (434–453 A.D.), der als "Geißel Gottes" bekannt war (die Beziehung zu den heutigen Ungaren ist unklar) Attila
53%
Währung von Ungarn (benannt nach einer Münze aus Florenz) Forint
51%
Bergkette, die zum Teil die große ungarische Tiefebene umgibt Karpaten
39%
Klavier-Virtuose, der die "Ungarischen Rhapsodien" komponierte Franz Liszt
26%
Teamsport, in dem Ungarn die meisten Olympischen Titeln besitzt Wasserball
26%
Ungarisch-amerikanischer Geldspekulant, über dem zahlreiche Verschwörungstheorien existieren George Soros
20%
Erster König von Ungarn Stephan I.
18%
Spitzname der ungarischen Fußballnationalmannschaft der 1950er Jahren {Goldene} Elf
14%
Ungarisch-amerikanischer Mathematiker, der als einer der intelligentesten Menschen aller Zeiten gilt John von {Neumann}
11%
Typisch Ungarische Schafrasse mit gedrehten Hörner, einheimisch als "Racka" bekannt {Zackel}schaf
6%
Keine übereinstimmenden Quizze gefunden
Verteilung der Resultate
Anzahl Personen mit jedem Resultat
Perzentil nach korrekt beantworteten Fragen
Ihre Resultats-Entwicklung
Sie haben dieses Quiz noch nicht gespielt